000 01865nam a2200229Ia 4500
003 Ost
005 20260416102357.0
008 260416s9999||||xx |||||||||||||| ||und||
040 _cfsecg
041 _aara
082 _a332
100 _aخوري، نبيل
_eمؤلف
245 0 _aالسياسات المالية للمؤسسة :
_bمطبوعة جامعية موجهة لطلبة السنة الثالثة ليسانس تخصص مالية و محاسبة شعبة المالية و المحاسبة قسم العلوم التجارية /
_c نبيل خوري
260 _aالجزائر
_bجامعة الجزائر3: كلية العلوم الإقتصادية، العلوم التجارية وعلوم التسيير
_c2022
300 _a128 ورقة
_bايضاحات
_c30 سم
504 _aمراجع ص.127
520 _aالمبادئ الأساسية للتسيير المالي للمؤسسة ، قرار الاستثمار في المؤسسة ، قرارالتمويل في المؤسسة ، قرار توزيع أرباح السهم ، العلاقة بين القرارات المالية في المؤسسة ، معايير اختيار الاستثمارات في حالة التأكد و في حالة المخاطرة و في حالة عدم التأكد ، أمثلية هيكل رأس مال المؤسسة و قيمة المؤسسة ، النظريات المفسرة لهيكل رأس المال ، مفاهيم أساسية لسياسة توزيع أرباح السهم في المؤسسة و النظريات الأساسية المفسرة لسياسة توزيع أرباح السهم.
653 _aالاستثمار
653 _aالمالية
710 _aجامعة الجزائر3: كلية العلوم الإقتصادية، العلوم التجارية وعلوم التسيير
_eناشر علمي
942 _cHANDOUT
999 _c41266
_d41266